| 000 | 00557nam a2200217 a 4500 | ||
|---|---|---|---|
| 999 |
_c5005 _d5005 |
||
| 001 | 5005 | ||
| 003 | BD-JhCC | ||
| 005 | 20171209121857.0 | ||
| 008 | 171206s1966 i ||||| ||a| 000 0 eng d | ||
| 035 | _a(BD-JhCC) 5005 | ||
| 040 |
_aBD-JhCC _dBD-JhCC |
||
| 041 | _aeng | ||
| 082 |
_a915.491 _bAHM 1966 |
||
| 100 | _aAhmed, Dr.Kazi S. | ||
| 245 |
_aA geography of Pakistan / _c Dr.Kazi S. Ahmed, |
||
| 260 |
_aDhaka : _bOxford University Press , _c1966 |
||
| 300 |
_a216 p .: _c18 cm . |
||
| 650 | _aEconomic History | ||
| 942 |
_2ddc _cBK |
||